000 01034ntm a2200265 a 4500
001 75482
003 BD-RjUL
005 20211209082710.0
008 190415s2017 bg a|||| mb|| 00| 0 eng d
035 _a(BD-RjUL)75700
040 _aBD-RjUL
_beng
_cBD-RjUL
_dBD-RjUL
041 _aeng
082 _223
_a658.802
_bABG 2017
100 1 _aAbdolla-Al-Feroz
_9230566
245 1 0 _aGreen Marketing strategy for the sustainable development of Brick industry in Bangladesh /
_cby Abdolla-Al-Feroz ;
_6Suvervisor : Md. Salim Reza
260 _aRajshahi:
_bInstitute of Environmental Science, R. U.,
_c2017
300 _axiv, 118 leaves:
_bIll. ;
_c30 cm.
502 _aThesis (Ph.D.) -- Institute of Environmental Science, R. U., 2017
504 _aRefernces : leaves [107]-110
650 _aGreen marketing
_xManagement
_9230567
650 _aIndustrial management
_vEnvironmental aspects
_9230568
650 _aProduct management
_vEnvironmental aspects
_9230569
700 _aReza, Md. Salim, Suvervisor
_9230570
942 _2ddc
_cTHE
999 _c75482
_d75482